[Event "Quebec op"]
[Site "Montreal CAN"]
[Date "2007.07.20"]
[Round "1"]
[White "Rychagov, Andrey"]
[Black "Vul, Arkadi"]
[Result "1-0"]
[WhiteElo "2557"]
[BlackElo "2312"]
[PlyCount "65"]
[GameId "2160767910576148"]
[EventDate "2007.07.20"]
[EventType "swiss"]
[EventRounds "9"]
[EventCountry "CAN"]
[SourceTitle "CBM 119 Extra"]
[Source "ChessBase"]
[SourceDate "2007.09.04"]
[SourceVersion "1"]
[SourceVersionDate "2007.09.04"]
[SourceQuality "1"]

1. d4 d5 2. c4 e6 3. Nf3 Nf6 4. Nc3 c6 5. Bg5 Nbd7 6. e3 Qa5 7. Nd2 dxc4 8. Bxf6 Nxf6 9. Nxc4 Qc7 10. Be2 Be7 11. O-O O-O 12. a3 c5 13. Nb5 Qb8 14. dxc5 Bxc5 15. b4 Be7 16. Rc1 Rd8 17. Qc2 Bd7 18. Nd4 Rc8 19. Qb2 Rc7 20. Na5 e5 21. Nf3 e4 22. Nd4 Ng4 23. g3 Ne5 24. Qb3 Bg4 25. Bxg4 Nxg4 26. Rxc7 Qxc7 27. Qd5 Qe5 28. Qxb7 Rb8 29. Ndc6 Rxb7 30. Nxe5 Rb5 31. Nxg4 h5 32. Nc6 Kf8 33. Nge5 1-0

[Event "Quebec op"]
[Site "Montreal CAN"]
[Date "2007.07.20"]
[Round "1"]
[White "Yoos, John"]
[Black "Rozentalis, Eduardas"]
[Result "0-1"]
[WhiteElo "2369"]
[BlackElo "2551"]
[PlyCount "48"]
[GameId "2160767910576152"]
[EventDate "2007.07.20"]
[EventType "swiss"]
[EventRounds "9"]
[EventCountry "CAN"]
[SourceTitle "CBM 119 Extra"]
[Source "ChessBase"]
[SourceDate "2007.09.04"]
[SourceVersion "1"]
[SourceVersionDate "2007.09.04"]
[SourceQuality "1"]

1. e4 c6 2. d4 d5 3. e5 c5 4. dxc5 e6 5. Be3 Nd7 6. Bb5 Qc7 7. Nf3 Bxc5 8. Bxc5 Qxc5 9. Nc3 Ne7 10. O-O Ng6 11. Re1 O-O 12. h4 f6 13. Bxd7 Bxd7 14. exf6 Rxf6 15. h5 Nf4 16. Qd4 Qxd4 17. Nxd4 Nxh5 18. g3 g5 19. Re5 h6 20. Rae1 Ng7 21. Nd1 Raf8 22. R1e2 Nf5 23. Nxe6 Bxe6 24. Rxe6 Nd4 0-1

[Event "Quebec op"]
[Site "Montreal CAN"]
[Date "2007.07.21"]
[Round "2"]
[White "Abou Nassif, Ahmad"]
[Black "Chabot, Roland"]
[Result "0-1"]
[WhiteElo "1842"]
[BlackElo "2251"]
[PlyCount "80"]
[GameId "2160767910576153"]
[EventDate "2007.07.20"]
[EventType "swiss"]
[EventRounds "9"]
[EventCountry "CAN"]

1. e4 c5 2. Nc3 e6 3. f4 a6 4. Nf3 Nc6 5. g3 d5 6. e5 b5 7. d4 Nxd4 8. Nxd4 cxd4 9. Qxd4 Ne7 10. Bg2 Nf5 11. Qd3 Bb7 12. Bd2 Be7 13. O-O-O O-O 14. Rhf1 Rc8 15. g4 Nh4 16. Bh1 Rc4 17. Rg1 Qc7 18. Kb1 Rc8 19. Rc1 b4 20. Ne2 a5 21. Rg3 a4 22. Be3 Ba6 23. Nd4 Ra8 24. Qd2 Bc5 25. Rd1 Rc8 26. Rc1 Qb6 27. Rd1 Qa5 28. Rc1 Qb6 29. Rd1 Qc7 30. Rc1 a3 31. b3 Rc3 32. Ne2 Bxe3 33. Rxe3 Rxe3 34. Qxe3 Bxe2 35. c4 Bxg4 36. Qe1 Bf5+ 37. Ka1 Qc5 38. Rd1 Ng6 39. cxd5 Qc2 40. Rb1 Qxb1+ 0-1

[Event "Quebec op"]
[Site "Montreal CAN"]
[Date "2007.07.21"]
[Round "2"]
[White "Likavsky, Tomas"]
[Black "Huzman, Alexander"]
[Result "0-1"]
[WhiteElo "2494"]
[BlackElo "2601"]
[PlyCount "92"]
[GameId "2160767910576162"]
[EventDate "2007.07.20"]
[EventType "swiss"]
[EventRounds "9"]
[EventCountry "CAN"]
[SourceTitle "CBM 119 Extra"]
[Source "ChessBase"]
[SourceDate "2007.09.04"]
[SourceVersion "1"]
[SourceVersionDate "2007.09.04"]
[SourceQuality "1"]

1. d4 d5 2. c4 c6 3. Nf3 Nf6 4. e3 Bf5 5. Nc3 e6 6. Nh4 Bg6 7. Be2 Nbd7 8. O-O Bd6 9. g3 O-O 10. Nxg6 hxg6 11. Qb3 Rb8 12. Rd1 dxc4 13. Qxc4 Qe7 14. e4 e5 15. Bg5 Nb6 16. Qb3 exd4 17. Rxd4 Be5 18. Rd2 Rfe8 19. Bf3 Qe6 20. Re1 Nc4 21. Rdd1 b5 22. Bc1 a5 23. Bg2 Red8 24. h3 Rxd1 25. Qxd1 Qe7 26. f4 Qc5+ 27. Kh2 Nxb2 28. Bxb2 Bxc3 29. Qc2 b4 30. e5 Nd7 31. Rc1 Bxb2 32. Qxb2 Qe3 33. Rxc6 g5 34. Qc1 gxf4 35. gxf4 Qxc1 36. Rxc1 a4 37. Rc7 Nf8 38. f5 Rb5 39. Rb7 Rxb7 40. Bxb7 b3 41. a3 Nd7 42. e6 fxe6 43. fxe6 Nc5 44. Bd5 Kf8 45. Kg2 b2 46. Ba2 Ne4 0-1

[Event "Quebec op"]
[Site "Montreal CAN"]
[Date "2007.07.21"]
[Round "2"]
[White "Masse, Hugues"]
[Black "Yoos, John"]
[Result "1/2-1/2"]
[WhiteElo "2181"]
[BlackElo "2369"]
[PlyCount "41"]
[GameId "2160767910576163"]
[EventDate "2007.07.20"]
[EventType "swiss"]
[EventRounds "9"]
[EventCountry "CAN"]
[SourceTitle "CBM 119 Extra"]
[Source "ChessBase"]
[SourceDate "2007.09.04"]
[SourceVersion "1"]
[SourceVersionDate "2007.09.04"]
[SourceQuality "1"]

1. d4 g6 2. c4 Bg7 3. e4 d6 4. Nc3 Nc6 5. d5 Nd4 6. Be3 e5 7. Nge2 Nxe2 8. Bxe2 Nh6 9. h4 a6 10. h5 f5 11. hxg6 f4 12. Bd2 hxg6 13. Qb3 Ng4 14. Rxh8+ Bxh8 15. Bxg4 Bxg4 16. f3 Bc8 17. O-O-O Bf6 18. Rh1 Qe7 19. Rh2 b6 20. Qd1 Bd7 21. Kb1 1/2-1/2

[Event "Quebec op"]
[Site "Montreal CAN"]
[Date "2007.07.21"]
[Round "2"]
[White "Nataf, Igor A"]
[Black "Sambuev, Bator"]
[Result "1/2-1/2"]
[WhiteElo "2588"]
[BlackElo "2482"]
[PlyCount "88"]
[GameId "2160767910576164"]
[EventDate "2007.07.20"]
[EventType "swiss"]
[EventRounds "9"]
[EventCountry "CAN"]
[SourceTitle "CBM 119 Extra"]
[Source "ChessBase"]
[SourceDate "2007.09.04"]
[SourceVersion "1"]
[SourceVersionDate "2007.09.04"]
[SourceQuality "1"]

1. e4 e6 2. d4 d5 3. Nc3 Bb4 4. exd5 exd5 5. Bd3 Nc6 6. a3 Bxc3+ 7. bxc3 Nge7 8. Rb1 b6 9. Qh5 Be6 10. Nh3 Qd7 11. Ng5 O-O-O 12. Nxe6 fxe6 13. O-O Nf5 14. Re1 Kb7 15. Bf4 Rde8 16. Re2 g6 17. Qh3 Rhf8 18. Be5 Rf7 19. Rbe1 Nxe5 20. Rxe5 Qa4 21. Rxe6 Rxe6 22. Rxe6 Qxa3 23. Qf3 Qc1+ 24. Bf1 c6 25. Qe2 b5 26. g4 Nh6 27. Re7+ Kb6 28. h3 Qf4 29. Re6 a6 30. Bg2 Kb7 31. Qe1 Rf6 32. Re8 Kb6 33. Qe7 Rf7 34. Qc5+ Kb7 35. c4 Qxf2+ 36. Kh1 Qxc2 37. Re7+ Rxe7 38. Qxe7+ Kb6 39. Qd8+ Kb7 40. Qe7+ Kb6 41. Qd8+ Kb7 42. Qd7+ Kb6 43. Qd8+ Kb7 44. Qe7+ Kb6 1/2-1/2

[Event "Quebec op"]
[Site "Montreal CAN"]
[Date "2007.07.21"]
[Round "2"]
[White "Perez Garcia, Rodney Oscar"]
[Black "Shomoev, Anton"]
[Result "0-1"]
[WhiteElo "2420"]
[BlackElo "2561"]
[PlyCount "77"]
[GameId "2160767910576165"]
[EventDate "2007.07.20"]
[EventType "swiss"]
[EventRounds "9"]
[EventCountry "CAN"]
[SourceTitle "CBM 119 Extra"]
[Source "ChessBase"]
[SourceDate "2007.09.04"]
[SourceVersion "1"]
[SourceVersionDate "2007.09.04"]
[SourceQuality "1"]

1. e4 c5 2. Nf3 d6 3. d4 cxd4 4. Nxd4 Nf6 5. Nc3 a6 6. Be2 e6 7. O-O Be7 8. f4 O-O 9. Kh1 Qc7 10. Bf3 Nc6 11. Be3 Re8 12. Qe1 Nxd4 13. Bxd4 e5 14. Be3 Be6 15. f5 Bc4 16. Be2 h6 17. Rd1 b5 18. a3 Rac8 19. Bf2 Qb7 20. Bd3 d5 21. Bxc4 Rxc4 22. exd5 b4 23. Qe2 Qc8 24. axb4 Bxb4 25. Be1 Rd4 26. Rd3 Bxc3 27. Bxc3 Rxd5 28. Re3 Rc5 29. Bxe5 Rxc2 30. Qf3 Qc5 31. Rc3 Rxc3 32. Bxc3 Ne4 33. h3 Qd6 34. Kg1 Qc5+ 35. Kh2 Qc7+ 36. Qf4 Qxf4+ 37. Rxf4 Nxc3 38. bxc3 Re5 39. g4 0-1

[Event "Quebec op"]
[Site "Montreal CAN"]
[Date "2007.07.21"]
[Round "2"]
[White "St Amand, Paul Jr"]
[Black "Hua, Lethyn"]
[Result "1/2-1/2"]
[WhiteElo "2155"]
[BlackElo "2323"]
[PlyCount "37"]
[GameId "2160767910576168"]
[EventDate "2007.07.20"]
[EventType "swiss"]
[EventRounds "9"]
[EventCountry "CAN"]
[SourceTitle "CBM 119 Extra"]
[Source "ChessBase"]
[SourceDate "2007.09.04"]
[SourceVersion "1"]
[SourceVersionDate "2007.09.04"]
[SourceQuality "1"]

1. e4 c5 2. c3 d5 3. exd5 Qxd5 4. d4 Nf6 5. Nf3 e6 6. Be3 cxd4 7. cxd4 Nc6 8. Nc3 Qd6 9. a3 Be7 10. Bd3 O-O 11. Qc2 g6 12. O-O Rd8 13. h3 b6 14. Rad1 Bb7 15. Qe2 Re8 16. Rfe1 Rad8 17. Bb5 Nd5 18. Nxd5 Qxd5 19. Bc4 1/2-1/2

[Event "Quebec op"]
[Site "Montreal CAN"]
[Date "2007.07.21"]
[Round "2"]
[White "Szalay, Karoly"]
[Black "Grant, Jonathan"]
[Result "0-1"]
[WhiteElo "1982"]
[BlackElo "2280"]
[PlyCount "62"]
[GameId "2160767910576169"]
[EventDate "2007.07.20"]
[EventType "swiss"]
[EventRounds "9"]
[EventCountry "CAN"]

1. e4 c6 2. d4 d5 3. Nc3 dxe4 4. Nxe4 Bf5 5. Ng3 Bg6 6. h4 h6 7. h5 Bh7 8. Nf3 Nd7 9. Bd3 Bxd3 10. Qxd3 e6 11. Bf4 Ngf6 12. O-O-O Be7 13. c4 b5 14. Ne4 bxc4 15. Nxf6+ Nxf6 16. Qxc4 O-O 17. Ne5 Nd5 18. Bd2 Qd6 19. Kb1 c5 20. Ng4 cxd4 21. Qxd4 f5 22. Ne3 Bf6 23. Qd3 Qb6 24. Nc4 Qxf2 25. Rhe1 Rfd8 26. Qc2 Rac8 27. Qa4 Nb6 28. Nxb6 Rxd2 29. Nc4 Rxb2+ 30. Ka1 Rb4+ 31. Re5 Bxe5+ 0-1

[Event "Quebec op"]
[Site "Montreal CAN"]
[Date "2007.07.21"]
[Round "2"]
[White "Vul, Arkadi"]
[Black "Morin, Yves"]
[Result "1-0"]
[WhiteElo "2312"]
[BlackElo "2226"]
[PlyCount "67"]
[GameId "2160767910576171"]
[EventDate "2007.07.20"]
[EventType "swiss"]
[EventRounds "9"]
[EventCountry "CAN"]
[SourceTitle "CBM 119 Extra"]
[Source "ChessBase"]
[SourceDate "2007.09.04"]
[SourceVersion "1"]
[SourceVersionDate "2007.09.04"]
[SourceQuality "1"]

1. Nf3 Nf6 2. c4 e6 3. Nc3 Bb4 4. Qc2 b6 5. a3 Bxc3 6. Qxc3 Bb7 7. b4 d6 8. Bb2 Nbd7 9. d3 a5 10. e4 Qe7 11. Be2 axb4 12. axb4 Rxa1+ 13. Bxa1 e5 14. O-O O-O 15. Nh4 Nh5 16. Nf5 Qg5 17. h4 Nf4 18. Bf3 Qf6 19. g3 Ne6 20. Bg2 g6 21. Nh6+ Kg7 22. Qd2 Qe7 23. Ng4 f6 24. f4 Kg8 25. f5 Nd4 26. Bc3 Ra8 27. Ra1 Rxa1+ 28. Bxa1 Nb3 29. Qa2 Nxa1 30. Qxa1 Qf8 31. Qa7 Qa8 32. Qxa8+ Bxa8 33. Kf2 Kg7 34. Ne3 1-0

[Event "Quebec op"]
[Site "Montreal CAN"]
[Date "2007.07.22"]
[Round "3"]
[White "Berry, Jonathan"]
[Black "Perez Garcia, Rodney Oscar"]
[Result "0-1"]
[WhiteElo "2241"]
[BlackElo "2420"]
[PlyCount "45"]
[GameId "2160767910576173"]
[EventDate "2007.07.20"]
[EventType "swiss"]
[EventRounds "9"]
[EventCountry "CAN"]
[SourceTitle "CBM 119 Extra"]
[Source "ChessBase"]
[SourceDate "2007.09.04"]
[SourceVersion "1"]
[SourceVersionDate "2007.09.04"]
[SourceQuality "1"]

1. d4 d5 2. c4 c6 3. Nf3 Nf6 4. e3 a6 5. Nbd2 Bf5 6. Be2 e6 7. Nh4 Be4 8. f3 Bg6 9. O-O c5 10. Qb3 Nc6 11. cxd5 exd5 12. dxc5 Bxc5 13. Rd1 Qe7 14. Nf1 Rd8 15. Bd2 O-O 16. Nxg6 hxg6 17. Rac1 d4 18. Kh1 dxe3 19. Bxe3 Bxe3 20. Nxe3 Nd4 21. Qd3 Rfe8 22. Rc3 Nb5 23. Qxb5 0-1

[Event "Quebec op"]
[Site "Montreal CAN"]
[Date "2007.07.22"]
[Round "3"]
[White "De la Paz Perdomo, Frank"]
[Black "Szalay, Karoly"]
[Result "1-0"]
[WhiteElo "2452"]
[BlackElo "1982"]
[PlyCount "67"]
[GameId "2160767910576176"]
[EventDate "2007.07.20"]
[EventType "swiss"]
[EventRounds "9"]
[EventCountry "CAN"]

1. e4 e5 2. Nf3 Nc6 3. Bc4 Nf6 4. d3 Bc5 5. c3 d6 6. Bb3 a6 7. h3 b5 8. O-O h6 9. a4 Bb7 10. Re1 O-O 11. Nbd2 Bb6 12. Nf1 Ne7 13. Ng3 Ng6 14. Nh2 d5 15. axb5 dxe4 16. bxa6 exd3 17. Bc4 e4 18. Bd2 Bc6 19. Bb3 Qd6 20. Nhf1 Nf4 21. Ne3 Qc5 22. Bc4 N6h5 23. Nxh5 Nxh5 24. Qg4 Nf6 25. Qf5 Qd6 26. Qg6 Bb5 27. Nf5 Ne8 28. Qxd6 cxd6 29. Bxb5 Nc7 30. Bc6 Rxa6 31. Bxe4 Rxa1 32. Rxa1 Ne6 33. Bxd3 Nc5 34. Bc2 1-0

[Event "Quebec op"]
[Site "Montreal CAN"]
[Date "2007.07.22"]
[Round "3"]
[White "Grant, Jonathan"]
[Black "Anastasovski, Nikola"]
[Result "0-1"]
[WhiteElo "2280"]
[BlackElo "2089"]
[PlyCount "182"]
[GameId "2160767910576178"]
[EventDate "2007.07.20"]
[EventType "swiss"]
[EventRounds "9"]
[EventCountry "CAN"]
[SourceTitle "CBM 119 Extra"]
[Source "ChessBase"]
[SourceDate "2007.09.04"]
[SourceVersion "1"]
[SourceVersionDate "2007.09.04"]
[SourceQuality "1"]

1. c4 e5 2. Nc3 c5 3. g3 Nc6 4. Bg2 g6 5. e4 Bg7 6. Nge2 d6 7. O-O Be6 8. Nd5 Qd7 9. d3 h6 10. a3 Nge7 11. Rb1 f5 12. exf5 Nxf5 13. b4 O-O 14. Bd2 Rf7 15. Nec3 Raf8 16. bxc5 dxc5 17. Nb5 b6 18. Ndc7 Nfd4 19. Nxd4 Nxd4 20. Nxe6 Nxe6 21. Bd5 Kh7 22. Bc3 Re7 23. a4 Ng5 24. h4 e4 25. hxg5 Bxc3 26. Kg2 exd3 27. Qxd3 Bd4 28. a5 bxa5 29. Rb7 Qd6 30. Rxe7+ Qxe7 31. gxh6 Kxh6 32. Be4 Qf6 33. f3 Kg7 34. Rb1 Rf7 35. Rb8 Qd6 36. Rc8 Be5 37. Rc6 Qxd3 38. Rxg6+ Kf8 39. Bxd3 Rd7 40. Be4 Rd2+ 41. Kh3 Bc7 42. f4 Bb6 43. f5 a4 44. Bd5 a3 45. Rg8+ Ke7 46. f6+ Kxf6 47. Rf8+ Ke5 48. Rf3 a2 49. Ra3 a5 50. Kg4 Bd8 51. Kh5 Rf2 52. g4 Kf4 53. Kg6 Bc7 54. g5 Be5 55. Rxa5 a1=Q 56. Rxa1 Bxa1 57. Kh6 Kf5 58. Kh7 Kxg5 59. Kg8 Kf6 60. Kf8 Re2 61. Kg8 Re7 62. Kf8 Be5 63. Bf3 Bd6 64. Kg8 Kg6 65. Bc6 Rc7 66. Be8+ Kf6 67. Bb5 Rg7+ 68. Kh8 Rg4 69. Kh7 Ke5 70. Kh6 Kd4 71. Kh5 Rg1 72. Kh4 Rc1 73. Kg4 Rxc4 74. Kf5 Rb4 75. Be8 c4 76. Ke6 Rb6 77. Ba4 c3 78. Kd7 Bf4 79. Bc2 Rb2 80. Bf5 c2 81. Bxc2 Rxc2 82. Ke6 Rc5 83. Kf6 Ke4 84. Ke6 Rc6+ 85. Kd7 Kd5 86. Ke7 Ra6 87. Kf7 Ke5 88. Kg7 Kf5 89. Kf7 Ra7+ 90. Kg8 Bd6 91. Kh8 Kg6 0-1

[Event "Quebec op"]
[Site "Montreal CAN"]
[Date "2007.07.22"]
[Round "3"]
[White "Hua, Lethyn"]
[Black "Masse, Hugues"]
[Result "0-1"]
[WhiteElo "2323"]
[BlackElo "2181"]
[PlyCount "64"]
[GameId "2160767910576180"]
[EventDate "2007.07.20"]
[EventType "swiss"]
[EventRounds "9"]
[EventCountry "CAN"]
[SourceTitle "CBM 119 Extra"]
[Source "ChessBase"]
[SourceDate "2007.09.04"]
[SourceVersion "1"]
[SourceVersionDate "2007.09.04"]
[SourceQuality "1"]

1. c4 Nf6 2. Nf3 g6 3. b3 Bg7 4. Bb2 O-O 5. e3 d6 6. Be2 e5 7. d3 b6 8. O-O Bb7 9. Nbd2 Nbd7 10. b4 a5 11. a3 Qe7 12. Qc2 Ra7 13. Rfc1 axb4 14. axb4 Rfa8 15. Rxa7 Rxa7 16. c5 bxc5 17. bxc5 Nxc5 18. Nxe5 Nd5 19. d4 Na4 20. Ra1 dxe5 21. Rxa4 Nb4 22. Qb3 Rxa4 23. Qxa4 exd4 24. Ba3 c5 25. Bxb4 cxb4 26. Nf1 Bf6 27. Qa7 b3 28. Bd3 dxe3 29. Nxe3 Qb4 30. Qb8+ Kg7 31. Nf1 b2 32. Bb1 Qe1 0-1

[Event "Quebec op"]
[Site "Montreal CAN"]
[Date "2007.07.22"]
[Round "3"]
[White "Morin, Yves"]
[Black "Abou Nassif, Ahmad"]
[Result "1-0"]
[WhiteElo "2226"]
[BlackElo "1842"]
[PlyCount "55"]
[GameId "2160767910576182"]
[EventDate "2007.07.20"]
[EventType "swiss"]
[EventRounds "9"]
[EventCountry "CAN"]

1. e4 e5 2. Nf3 Nc6 3. Bb5 a6 4. Bxc6 dxc6 5. d4 exd4 6. Qxd4 Qxd4 7. Nxd4 Nf6 8. f3 Bd7 9. Be3 O-O-O 10. Nc3 h6 11. O-O Bd6 12. Rfd1 Rhe8 13. Nb3 Kb8 14. Nc5 Bc8 15. Nd3 g5 16. h3 Nh7 17. Bc5 b6 18. Bf2 Nf8 19. Bd4 Be7 20. Ne5 Kb7 21. Bf2 Be6 22. Nd3 Ng6 23. Ne2 Bf6 24. Kf1 Bc4 25. Nc3 Nf4 26. Be3 Bxd3+ 27. cxd3 Nxd3 28. Bc1 1-0

[Event "Quebec op"]
[Site "Montreal CAN"]
[Date "2007.07.22"]
[Round "3"]
[White "Nicula, Marius"]
[Black "Vul, Arkadi"]
[Result "0-1"]
[WhiteElo "2199"]
[BlackElo "2312"]
[PlyCount "96"]
[GameId "2160767910576183"]
[EventDate "2007.07.20"]
[EventType "swiss"]
[EventRounds "9"]
[EventCountry "CAN"]
[SourceTitle "CBM 119 Extra"]
[Source "ChessBase"]
[SourceDate "2007.09.04"]
[SourceVersion "1"]
[SourceVersionDate "2007.09.04"]
[SourceQuality "1"]

1. Nf3 Nf6 2. g3 d5 3. Bg2 e6 4. d4 Be7 5. O-O O-O 6. c4 b6 7. Nc3 Bb7 8. Ne5 Na6 9. Qa4 Qe8 10. Qxe8 Rfxe8 11. Rd1 Ne4 12. cxd5 exd5 13. Nxe4 dxe4 14. Bh3 Nb4 15. a3 Nc2 16. Rb1 Nxd4 17. Rxd4 Bf6 18. Bf4 Bxe5 19. Bxe5 Rxe5 20. Rd7 Rc5 21. Rbd1 Re8 22. b4 Rc2 23. e3 Kf8 24. Bg2 Bc8 25. Rd8 Bg4 26. Rxe8+ Kxe8 27. Ra1 f5 28. Bf1 Rd2 29. h3 Be2 30. Bxe2 Rxe2 31. Rc1 Kd7 32. g4 fxg4 33. hxg4 Rd2 34. Rc4 Ra2 35. Rc3 Kd6 36. Kg2 c5 37. bxc5+ bxc5 38. Kg3 g5 39. Rc4 Rxa3 40. Rxe4 a5 41. f4 gxf4+ 42. Kxf4 Ra1 43. Re8 a4 44. Rd8+ Kc6 45. Ra8 a3 46. e4 a2 47. Kg5 c4 48. e5 Kd5 0-1

[Event "Quebec op"]
[Site "Montreal CAN"]
[Date "2007.07.22"]
[Round "3"]
[White "Sambuev, Bator"]
[Black "Rozentalis, Eduardas"]
[Result "1/2-1/2"]
[WhiteElo "2482"]
[BlackElo "2551"]
[PlyCount "102"]
[GameId "2160767910576186"]
[EventDate "2007.07.20"]
[EventType "swiss"]
[EventRounds "9"]
[EventCountry "CAN"]
[SourceTitle "CBM 119 Extra"]
[Source "ChessBase"]
[SourceDate "2007.09.04"]
[SourceVersion "1"]
[SourceVersionDate "2007.09.04"]
[SourceQuality "1"]

1. Nf3 d5 2. d4 Bg4 3. Ne5 Bf5 4. g4 Bc8 5. h3 Nd7 6. Nxd7 Bxd7 7. Bg2 e6 8. c4 c6 9. Nc3 Ne7 10. e4 dxe4 11. Bxe4 Ng6 12. Qb3 Qc7 13. Be3 Bd6 14. c5 Bf4 15. Bxg6 hxg6 16. Ne4 f5 17. gxf5 gxf5 18. Bxf4 Qxf4 19. Nd6+ Ke7 20. Rd1 b5 21. Rg1 g5 22. Rg3 g4 23. hxg4 fxg4 24. Ke2 Raf8 25. Qe3 Rh2 26. Rf1 a5 27. b3 e5 28. Qxe5+ Qxe5+ 29. dxe5 Be6 30. Ke3 a4 31. Ne4 Rh5 32. f4 gxf3 33. Rg7+ Rf7 34. Rxf7+ Bxf7 35. bxa4 bxa4 36. a3 Bd5 37. Rxf3 Ke6 38. Rg3 Rh4 39. Nd2 Kxe5 40. Kd3 Kf4 41. Re3 Rh2 42. Ne4 Bc4+ 43. Kd4 Ba6 44. Re1 Rh3 45. Rd1 Rxa3 46. Nc3 Rb3 47. Rb1 Kf3 48. Rxb3 axb3 49. Na4 Bc8 50. Kc3 Be6 51. Nb2 Ke4 1/2-1/2

[Event "Quebec op"]
[Site "Montreal CAN"]
[Date "2007.07.23"]
[Round "4"]
[White "Abou Nassif, Ahmad"]
[Black "Kenanu, Dariush"]
[Result "1-0"]
[WhiteElo "1842"]
[BlackElo "1941"]
[PlyCount "77"]
[GameId "2160767910576190"]
[EventDate "2007.07.20"]
[EventType "swiss"]
[EventRounds "9"]
[EventCountry "CAN"]

1. e4 e5 2. Nf3 Nc6 3. Bc4 Nf6 4. d3 Bc5 5. c3 Bb6 6. O-O d6 7. h3 Qe7 8. a4 Bd7 9. b4 a5 10. b5 Nd8 11. Ba3 O-O 12. Re1 Nh5 13. d4 exd4 14. e5 Ne6 15. exd6 Qf6 16. Bxe6 fxe6 17. cxd4 Nf4 18. Re3 Qg6 19. Ne1 e5 20. Rg3 Qe4 21. Ra2 Be6 22. Rc2 cxd6 23. dxe5 Rac8 24. Rd2 dxe5 25. Bxf8 Rxf8 26. Nf3 h6 27. Nc3 Qf5 28. Qe1 Nh5 29. Rg4 Nf6 30. Rh4 Rc8 31. Ne4 Nxe4 32. Rxe4 Bb3 33. Rxe5 Qf6 34. Re8+ Rxe8 35. Qxe8+ Kh7 36. Qe4+ Kh8 37. Qxb7 Bc5 38. Qc8+ Bf8 39. b6 1-0

[Event "Quebec op"]
[Site "Montreal CAN"]
[Date "2007.07.23"]
[Round "4"]
[White "Aveskulov, Valeriy"]
[Black "Shomoev, Anton"]
[Result "1/2-1/2"]
[WhiteElo "2539"]
[BlackElo "2561"]
[PlyCount "107"]
[GameId "2160767910576192"]
[EventDate "2007.07.20"]
[EventType "swiss"]
[EventRounds "9"]
[EventCountry "CAN"]
[SourceTitle "CBM 119 Extra"]
[Source "ChessBase"]
[SourceDate "2007.09.04"]
[SourceVersion "1"]
[SourceVersionDate "2007.09.04"]
[SourceQuality "1"]

1. e4 c5 2. Nf3 d6 3. Bc4 Nf6 4. d3 Nc6 5. c3 g6 6. Bb3 Bg7 7. h3 O-O 8. O-O b5 9. Re1 a5 10. a3 a4 11. Bc2 Nd7 12. d4 Nb6 13. Bd3 Nc4 14. Bxc4 bxc4 15. d5 Na5 16. Qxa4 f5 17. Nbd2 fxe4 18. Nxe4 Bb7 19. Qd1 Rf5 20. Qe2 Rxd5 21. Bg5 h6 22. Bh4 Qf8 23. Ned2 e5 24. Rad1 Re8 25. b4 cxb3 26. c4 Rd4 27. Nxd4 cxd4 28. Qd3 g5 29. Bg3 Ba6 30. Qg6 Nxc4 31. Nxb3 Qf7 32. Qxf7+ Kxf7 33. Nd2 Nxa3 34. Ne4 Nc4 35. Rb1 Ke6 36. Rec1 Rc8 37. Ra1 Bb7 38. f3 Ne3 39. Rxc8 Bxc8 40. Ra7 Nf5 41. Be1 Bf8 42. Bb4 Be7 43. g4 Nh4 44. Kf2 Ng6 45. Ng3 d5 46. Bxe7 Nxe7 47. Ke2 Kd6 48. Nh5 e4 49. fxe4 dxe4 50. Nf6 e3 51. Ne4+ Ke6 52. Nc5+ Kd6 53. Ne4+ Ke6 54. Nc5+ 1/2-1/2

[Event "Quebec op"]
[Site "Montreal CAN"]
[Date "2007.07.23"]
[Round "4"]
[White "Kunte, Abhijit"]
[Black "Huzman, Alexander"]
[Result "1/2-1/2"]
[WhiteElo "2519"]
[BlackElo "2601"]
[PlyCount "29"]
[GameId "2160767910576199"]
[EventDate "2007.07.20"]
[EventType "swiss"]
[EventRounds "9"]
[EventCountry "CAN"]
[SourceTitle "CBM 119 Extra"]
[Source "ChessBase"]
[SourceDate "2007.09.04"]
[SourceVersion "1"]
[SourceVersionDate "2007.09.04"]
[SourceQuality "1"]

1. d4 Nf6 2. c4 g6 3. g3 c6 4. Bg2 d5 5. cxd5 cxd5 6. Nc3 Bg7 7. Nf3 O-O 8. Ne5 e6 9. O-O Nfd7 10. f4 Nc6 11. Be3 f6 12. Nf3 Nb6 13. Bf2 f5 14. Ne5 Bd7 15. e3 1/2-1/2

[Event "Quebec op"]
[Site "Montreal CAN"]
[Date "2007.07.23"]
[Round "4"]
[White "Likavsky, Tomas"]
[Black "Ye, Ling Feng"]
[Result "1-0"]
[WhiteElo "2494"]
[BlackElo "2141"]
[PlyCount "153"]
[GameId "2160767910576201"]
[EventDate "2007.07.20"]
[EventType "swiss"]
[EventRounds "9"]
[EventCountry "CAN"]
[SourceTitle "CBM 119 Extra"]
[Source "ChessBase"]
[SourceDate "2007.09.04"]
[SourceVersion "1"]
[SourceVersionDate "2007.09.04"]
[SourceQuality "1"]

1. c4 e6 2. Nc3 d5 3. d4 Be7 4. Nf3 Nf6 5. e3 O-O 6. b3 Nbd7 7. Bb2 c5 8. Bd3 b6 9. O-O Bb7 10. Qe2 Rc8 11. Rac1 Re8 12. Rfd1 Bd6 13. cxd5 exd5 14. Ba6 Bxa6 15. Qxa6 cxd4 16. Rxd4 Nc5 17. Qf1 Nce4 18. Nxe4 Nxe4 19. Rxc8 Qxc8 20. Qd1 Nf6 21. Ra4 a5 22. Bxf6 gxf6 23. Rd4 Bc5 24. Rxd5 Qe6 25. g3 Qe4 26. a4 Kg7 27. Nh4 Re5 28. Rxe5 fxe5 29. Qh5 Qb1+ 30. Kg2 Qe4+ 31. Kh3 Bf8 32. Qg5+ Kh8 33. Qf6+ Kg8 34. Qxb6 Be7 35. f3 Qd3 36. Qb8+ Kg7 37. Qxe5+ Bf6 38. Qb5 Qd1 39. Qxa5 Bxh4 40. Kxh4 Qxf3 41. Qg5+ Kh8 42. Qd8+ Kg7 43. Qd4+ Kf8 44. a5 Qc6 45. Qd8+ Kg7 46. Qg5+ Kf8 47. b4 Qe4+ 48. Qf4 Qe7+ 49. Kh5 Qd7 50. g4 Qd5+ 51. Kh4 Qd8+ 52. Kg3 Qd2 53. a6 Qe1+ 54. Kh3 h5 55. gxh5 Qe2 56. a7 Qxh5+ 57. Kg3 Qg6+ 58. Qg4 Qd6+ 59. Kh3 Qh6+ 60. Kg2 Qc6+ 61. Qf3 Qc2+ 62. Kh3 Qh7+ 63. Kg3 Qg6+ 64. Qg4 Qd6+ 65. Qf4 Qg6+ 66. Kf3 Qc6+ 67. e4 Qc3+ 68. Qe3 Qf6+ 69. Ke2 Qa6+ 70. Kf2 Qf6+ 71. Kg2 Qb2+ 72. Qf2 Qg7+ 73. Kh1 Qa1+ 74. Qg1 Qa3 75. Qc5+ Kg7 76. Qg5+ Kh7 77. Qh4+ 1-0